| 000 | 00978nam a22002417a 4500 | ||
|---|---|---|---|
| 001 | 81370 | ||
| 003 | BD-RjUL | ||
| 005 | 20240108113530.0 | ||
| 008 | 230510s2016 bg a|||| m||| 00| 0 eng d | ||
| 035 | _a(BD-RjUL)81370 | ||
| 040 |
_aBD-RjUL _beng _cBD-RjUL _dBD-RjUL |
||
| 041 | _aeng | ||
| 082 |
_223 _a551.5513095492 _bHAC 2016 |
||
| 100 |
_aHasan, Sk. Razibul _97393 |
||
| 245 | 1 | 0 |
_aCommunity and organizational responses to the cyclone affected people in coastal Bangladesh : _bA study on two villages in Bagerhat / _cSk. Razibul Hasan ; _6Supervisor : M. Zulfiquar Ali Islam. |
| 260 |
_aRajshahi : _bInstitute of Bangladesh Studies, University of Rajshahi, _c2016. |
||
| 300 |
_axxv, 413 leaves : _bill, ; _c29.cm. |
||
| 504 | _aThesis (Ph. D.) -- Institute of Bangladesh Studies, University of Rajshahi, 2016 | ||
| 505 | _aReferences : Leaves 403 -413 | ||
| 650 |
_aCyclones _zBangladesh _97394 |
||
| 700 |
_aIslam, M. Zulfiquar Ali, Supervisor _91879 |
||
| 942 |
_2ddc _cTHE |
||
| 999 |
_c81370 _d81370 |
||